|
|
|
|
| LEADER |
00000nas a22000007i 4500 |
| 001 |
ssj0001625533 |
| 003 |
WaSeSS |
| 005 |
20200512172242.0 |
| 006 |
m d |
| 007 |
cr n |
| 008 |
160329c20159999caufr p s 0 a0eng |
| 010 |
|
|
|a 2017202633
|
| 022 |
|
|
|a 2575-7199
|y 2575-7180
|
| 035 |
|
|
|a (WaSeSS)ssj0001625533
|
| 040 |
|
|
|a BUF
|b eng
|c BUF
|d OCLCO
|d OCLCQ
|d DLC
|d OCLCF
|d KSU
|d AU@
|d VT2
|d OCL
|d WaSeSS
|
| 042 |
|
|
|a pcc
|a nsdp
|
| 050 |
|
4 |
|a P11
|b .T373
|
| 082 |
1 |
0 |
|a 480/.05
|
| 130 |
0 |
|
|a TAPA (Society for Classical Studies)
|
| 222 |
|
0 |
|a TAPA
|b (Society for Classical Studies. Online)
|
| 245 |
1 |
0 |
|a TAPA
|h [electronic resource].
|
| 260 |
|
|
|a Baltimore :
|b Published for the Society by John Hopkins University Press
|
| 310 |
|
|
|a Semiannual
|
| 362 |
1 |
|
|a Print began with Volume 145, number 1 (spring 2015).
|
| 506 |
|
|
|a License restrictions may limit access.
|
| 588 |
|
|
|a Description based on: Volume 145, number 1 (Spring 2015); title from PDF cover image (Proect Muse website, viewed on October 23, 2017).
|
| 588 |
|
|
|a Latest issue consulted: Volume 147, number 1 (Spring 2017) (viewed on October 23, 2017).
|
| 610 |
2 |
0 |
|a Society for Classical Studies
|v Periodicals.
|
| 650 |
|
0 |
|a Philology
|v Periodicals.
|
| 650 |
|
0 |
|a Classical philology
|v Periodicals.
|
| 650 |
|
0 |
|a Classical literature
|v Periodicals.
|
| 650 |
|
7 |
|a Classical literature.
|2 fast
|0 (OCoLC)fst00863509
|
| 650 |
|
7 |
|a Classical philology.
|2 fast
|0 (OCoLC)fst00863532
|
| 650 |
|
7 |
|a Philology.
|2 fast
|0 (OCoLC)fst01060694
|
| 655 |
|
0 |
|a Electronic journals.
|
| 710 |
2 |
|
|a Society for Classical Studies.
|
| 776 |
0 |
8 |
|i Print version:
|t TAPA (Society for Classical Studies)
|x 2575-7180
|w (DLC) 2015238471
|w (OCoLC)910632394
|
| 780 |
0 |
0 |
|t Transactions of the American Philological Association (1974 : Online)
|x 1533-0699
|w (DLC) 2001212499
|w (OCoLC)45381730
|
| 856 |
4 |
0 |
|z Full text available from Research Library: 04/01/2003 to 1 year ago
|u https://search.proquest.com/publication/27343
|